Loading...
Busness and Managerial Communication
| Main Author: | |
|---|---|
| Format: | Printed Book |
| Language: | Undetermined English |
| Published: |
New Delhi
PHI Learning
2011
|
| Edition: | 1st |
| Subjects: |
| LEADER | 00612nam a2200193Ia 4500 | ||
|---|---|---|---|
| 008 | 140306s9999 xx 000 0 und d | ||
| 020 | |a 9788144358 | ||
| 041 | |a eng | ||
| 082 | |a 651.7 |b SEN/BU | ||
| 100 | |a Sengupta, Sailesh | ||
| 245 | |a Busness and Managerial Communication | ||
| 250 | |a 1st | ||
| 260 | |a New Delhi |b PHI Learning |c 2011 | ||
| 300 | |a 657 | ||
| 365 | |b Rs.375/- | ||
| 650 | |a Elements of Communication | ||
| 942 | |2 ddc |c BK | ||
| 999 | |c 188271 |d 188271 | ||
| 952 | |0 0 |1 0 |2 ddc |4 0 |6 651_700000000000000_SEN_BU |7 0 |9 194415 |a KAUCBV |b KAUCBV |d 2013-07-12 |g 375.00 |l 2 |o 651.7 SEN/BU |r 2018-07-02 |s 2018-07-02 |w 2014-03-22 |y BK | ||